Le musée de société : De l'exposition de folklore aux enjeux contemporains (notice n° 2198598)
[ vue normale ]
| 000 -LEADER | |
|---|---|
| fixed length control field | 01633cam a2200133 4500500 |
| 005 - DATE AND TIME OF LATEST TRANSACTION | |
| control field | 20260405085551.0 |
| 041 ## - LANGUAGE CODE | |
| Language code of text/sound track or separate title | fre |
| 042 ## - AUTHENTICATION CODE | |
| Authentication code | dc |
| 100 10 - MAIN ENTRY--PERSONAL NAME | |
| Personal name | Drouguet, Noémie |
| Relator term | author |
| 245 00 - TITLE STATEMENT | |
| Title | Le musée de société : De l'exposition de folklore aux enjeux contemporains |
| 260 ## - PUBLICATION, DISTRIBUTION, ETC. | |
| Name of publisher, distributor, etc. | Armand Colin,<br/> |
| Date of publication, distribution, etc. | 2015.<br/> |
| 520 ## - SUMMARY, ETC. | |
| Summary, etc. | Tandis que la plupart des musées d’ethnographie régionale conçus sur un modèle classique peinent à toucher leurs visiteurs, et que les musées locaux se multiplient, un nouveau modèle est en train d’émerger : le musée dit « de société » ou « de civilisation ». Cette « catégorie » de musées offre de multiples visages – de la collection thématique au musée national, du musée de plein air aux musées sans objets – et une complexité passionnante à explorer : enjeux politiques, problématique identitaire, rapports affectifs avec la mémoire, statut du patrimoine ethnologique, professionnalisation au détriment du « charme » que certains apprécient… Comment ces musées se sont-ils constitués ? Quelles en sont les spécificités ? Comment répondent-ils aux problématiques contemporaines ? Quels publics peuvent-ils toucher ? Cet ouvrage, première grande synthèse sur le sujet, vient faire le point sur ces institutions, interroger leur devenir dans la société mondialisée et multiculturelle d’aujourd’hui et montrer également que l’approche « de société » ne s’applique pas à une discipline mais concerne tous les types de musées. |
| 856 41 - ELECTRONIC LOCATION AND ACCESS | |
| Uniform Resource Identifier | <a href="https://shs.cairn.info/le-musee-de-societe--9782200283032?lang=fr&redirect-ssocas=7080">https://shs.cairn.info/le-musee-de-societe--9782200283032?lang=fr&redirect-ssocas=7080</a> |
Pas d'exemplaire disponible.




Réseaux sociaux